000
nam a22 7a 4500
999
_c
48417
_d
48417
003
OSt
005
20190713153146.0
008
190713b xxu||||| |||| 00| 0 eng d
040
_c
IIMT UNIVERSITY
100
_a
SHARMA SEEMA
245
_a
HINDI SHISHAN
260
_a
MEERUT
_b
R LALBOOKDIPO.
_c
2012
300
_a
370
942
_2
ddc
_c
09